[Event "51st World Juniors"]
[Site "Athens GRE"]
[Date "2012.08.10"]
[Round "8.36"]
[White "Muhammad, Luthfi Ali"]
[Black "Thavandiran, Shiyam"]
[Result "0-1"]
[WhiteTitle "CM"]
[BlackTitle "FM"]
[WhiteElo "2078"]
[BlackElo "2301"]
[WhiteFideId "7103743"]
[BlackFideId "2605058"]
[EventDate "2012.08.02"]

1. e4 e6 2. d4 d5 3. Nc3 Bb4 4. e5 b6 5. a3 Bf8 6. Nf3 Ne7 7. Bd3 Bb7 8. Ne2 c5
9. c3 c4 10. Bc2 Nbc6 11. Nf4 h6 12. h4 b5 13. h5 Qd7 14. Nh4 O-O-O 15. O-O Kb8
16. g3 Rg8 17. Qe2 a5 18. Bd2 Nc8 19. Rae1 Re8 20. Qg4 N8e7 21. Kh2 Ka8 22. Qd1
Rb8 23. b4 cxb3 24. Bxb3 Ba6 25. Qa1 Nc8 26. Bc2 Nb6 27. Bd3 a4 28. Bc1 Na5 29.
Bh7 Rh8 30. Bc2 Rc8 31. Nd3 Qc7 32. Nb4 Bxb4 33. axb4 Qxc3 34. Qxc3 Rxc3 35.
bxa5 Rxc2 36. axb6 b4 37. Rg1 Rhc8 38. Be3 b3 39. Ra1 Bb5 40. Rgb1 Kb7 41. Kh3
R8c3 42. Ra3 Kxb6 43. Nf3 Ka5 44. Bd2 Kb4 45. Raa1 a3 46. Bxc3+ Rxc3 47. Ne1 b2
48. Kg4 Kb3 49. Kf4 a2 0-1

[Event "51st World Juniors"]
[Site "Athens GRE"]
[Date "2012.08.10"]
[Round "8.37"]
[White "Dounis, Alexandros"]
[Black "Caetano, Hugo Zanotti Mendonca"]
[Result "1/2-1/2"]
[WhiteElo "2298"]
[BlackElo "2109"]
[WhiteFideId "4213238"]
[BlackFideId "2119420"]
[EventDate "2012.08.02"]

1. Nf3 Nf6 2. c4 e6 3. g3 d5 4. Bg2 Be7 5. d4 O-O 6. O-O Nbd7 7. Nc3 b6 8. Ne5
Bb7 9. Qa4 c6 10. Bf4 Nxe5 11. Bxe5 Nd7 12. Bf4 a6 13. e4 b5 14. cxb5 cxb5 15.
Qb3 dxe4 16. Nxe4 Bd5 17. Qe3 Nb6 18. Rfc1 Nc4 19. Qe2 Ra7 20. b3 Nb6 21. Bf1
Ba8 22. Bg2 Kh8 23. Qh5 Nd5 24. Bd2 Nf6 25. Nxf6 Bxf6 26. Bxa8 Qxa8 27. Be3 Rd7
28. a4 Qb8 29. axb5 Rd5 30. Qe2 Rxb5 31. Rxa6 Rxb3 32. Rac6 Rb1 33. Qa6 Rxc1+ 1/2-1/2

[Event "51st World Juniors"]
[Site "Athens GRE"]
[Date "2012.08.10"]
[Round "8.38"]
[White "Mihok, Oliver"]
[Black "Podolsky, Anton"]
[Result "1-0"]
[WhiteTitle "IM"]
[WhiteElo "2456"]
[BlackElo "2246"]
[WhiteFideId "728012"]
[BlackFideId "14119668"]
[EventDate "2012.08.02"]

1. e4 e6 2. d4 d5 3. Nc3 Bb4 4. e5 c5 5. a3 Bxc3+ 6. bxc3 Ne7 7. Qg4 Qc7 8. Qxg7
Rg8 9. Qxh7 cxd4 10. Ne2 Nbc6 11. f4 Bd7 12. Qd3 dxc3 13. Rb1 O-O-O 14. Qxc3 Nf5
15. Rg1 d4 16. Qd3 Na5 17. g4 Ba4 18. gxf5 Bxc2 19. Qb5 Rxg1 20. Nxg1 Bxb1 21.
Qxb1 Nb3 22. Kd1 Nc5 23. fxe6 fxe6 24. Bd2 Qc6 25. Qb5 Qd5 26. Qc4 Qh1 27. Qxc5+
Kb8 28. Qe7 Rg8 29. Qd6+ Ka8 30. Qxd4 Qxg1 31. Qxg1 1-0

[Event "51st World Juniors"]
[Site "Athens GRE"]
[Date "2012.08.10"]
[Round "8.39"]
[White "Krysa, Leandro"]
[Black "Haarr, Jon Kristian"]
[Result "1/2-1/2"]
[WhiteTitle "IM"]
[WhiteElo "2438"]
[BlackElo "2245"]
[WhiteFideId "116807"]
[BlackFideId "1505963"]
[EventDate "2012.08.02"]

1. c4 c6 2. d4 d5 3. Nc3 Nf6 4. e3 a6 5. Qc2 b5 6. b3 g6 7. Bd3 Bg7 8. Nf3 O-O
9. O-O Nbd7 10. h3 Bb7 11. c5 Qc7 12. Bb2 e5 13. dxe5 Ne8 14. Ne2 Nxe5 15. Nxe5
Bxe5 16. a4 Ng7 17. Bxe5 Qxe5 18. Nd4 Ne6 19. Qc3 Nxd4 20. exd4 Qf4 21. Rfd1 Qg5
22. Bf1 Rfe8 23. Re1 Kf8 24. Rxe8+ Rxe8 25. axb5 axb5 26. Ra7 Re7 27. Qa5 Kg7
28. Qd8 Qf6 29. b4 Qe6 30. Qb8 Qd7 31. h4 Qc7 32. Qxc7 Rxc7 33. Kh2 Kf6 34. g4
Ke7 35. Kg3 Ke6 36. Bh3 f6 37. g5+ f5 38. Kf4 Re7 39. Bg2 Kf7 40. Bf3 Kf8 41. h5
Kf7 42. Ra3 Re8 43. Bg2 Re7 44. hxg6+ hxg6 45. Rh3 Kg7 46. Re3 Rxe3 47. fxe3 Kf7
48. Ke5 Ke7 49. Bf1 Ba6 50. Bg2 Bb7 51. Bh3 Ba6 52. Bf1 Bb7 53. Be2 Ba6 54. Bd1
Bc8 55. Bc2 Ba6 56. Bb3 Bb7 57. Ba2 Ba8 58. Bb1 Bb7 59. Bd3 Ba6 60. Be2 Bb7 61.
Bf3 Ba8 62. Bg2 Bb7 63. Bf1 Ba6 64. Bd3 Bb7 65. Bc2 Bc8 66. Bb3 Bb7 67. Ba2 Ba8
68. Bb1 Bb7 69. Bd3 Ba6 70. Be2 Bb7 71. Bf3 Ba8 72. Bh1 Bb7 73. Bf3 1/2-1/2

[Event "51st World Juniors"]
[Site "Athens GRE"]
[Date "2012.08.10"]
[Round "8.40"]
[White "Rios, Cristhian Camilo"]
[Black "Larmuseau, Maarten"]
[Result "1/2-1/2"]
[WhiteTitle "FM"]
[WhiteElo "2398"]
[BlackElo "2245"]
[WhiteFideId "4403940"]
[BlackFideId "209988"]
[EventDate "2012.08.02"]

1. d4 e6 2. Nf3 Nf6 3. Bg5 c5 4. e3 b6 5. Bd3 Be7 6. Nbd2 Ba6 7. c4 O-O 8. O-O
h6 9. Bh4 d5 10. Rc1 Nc6 11. Re1 Rc8 12. a3 cxd4 13. exd4 Na5 14. Ne5 dxc4 15.
Ndxc4 Nxc4 16. Nxc4 b5 17. Ne5 Rxc1 18. Qxc1 Qxd4 19. Nc6 Qxh4 20. Nxe7+ Kh8 21.
Rxe6 Ng4 22. Qf4 Qxf2+ 23. Qxf2 Nxf2 24. Rxa6 Nxd3 25. b4 Ra8 26. Nd5 Rc8 27. h3
Rc1+ 28. Kh2 Rc2 29. Rxa7 Ne1 30. Kg1 Rxg2+ 31. Kf1 Rg5 32. Nc3 Nc2 33. a4 bxa4
34. b5 Rc5 35. b6 Rxc3 36. b7 Rb3 37. Ra8+ Kh7 38. b8=Q Rxb8 39. Rxb8 a3 40. Ra8
f5 41. Ke2 Kg6 42. Kd3 Ne1+ 43. Ke2 Nc2 44. Kd3 Ne1+ 45. Ke2 Ng2 46. Rxa3 Nf4+
47. Kf2 Kh5 48. Kg3 Ne6 49. Ra6 Nc5 50. Ra5 Ne4+ 51. Kf4 g6 52. Ra6 Nc3 53. Rd6
Ne4 54. Ra6 Nf2 55. Kg3 Nd3 56. Rd6 Nc5 1/2-1/2

[Event "51st World Juniors"]
[Site "Athens GRE"]
[Date "2012.08.10"]
[Round "8.41"]
[White "Anwesh, Upadhyaya"]
[Black "Sodikov, Ilyas"]
[Result "1-0"]
[WhiteTitle "IM"]
[WhiteElo "2374"]
[BlackElo "2234"]
[WhiteFideId "5028949"]
[BlackFideId "13705490"]
[EventDate "2012.08.02"]

1. c4 b6 2. Nc3 e6 3. e4 Bb7 4. Nge2 Nf6 5. d3 Nc6 6. d4 Bb4 7. a3 Bxc3+ 8. Nxc3
d5 9. cxd5 exd5 10. e5 Ne4 11. Be3 Nxc3 12. bxc3 O-O 13. Bd3 f6 14. exf6 Qxf6
15. Qh5 g6 16. Qxd5+ Kh8 17. O-O Rae8 18. Bg5 Qg7 19. Qa2 Qd7 20. Bh6 Nxd4 21.
Qc4 Nf3+ 22. gxf3 Rxf3 23. Rfe1 Rd8 24. Bf1 c5 25. Qe6 Qxe6 26. Rxe6 Rxc3 27.
Re7 1-0

[Event "51st World Juniors"]
[Site "Athens GRE"]
[Date "2012.08.10"]
[Round "8.42"]
[White "Velten, Paul"]
[Black "Sreeves, Clement"]
[Result "1-0"]
[WhiteTitle "FM"]
[WhiteElo "2366"]
[BlackElo "2191"]
[WhiteFideId "681091"]
[BlackFideId "2402564"]
[EventDate "2012.08.02"]

1. d4 Nf6 2. c4 g6 3. Nc3 Bg7 4. e4 d6 5. Nf3 O-O 6. h3 Na6 7. Be3 e5 8. d5 Nh5
9. g3 f5 10. exf5 gxf5 11. Nh4 Nf4 12. Qd2 Kh8 13. O-O-O Nc5 14. Rg1 Nh5 15. Be2
Nf6 16. f3 Bd7 17. g4 fxg4 18. hxg4 Nfe4 19. Nxe4 Nxe4 20. Qc2 Qxh4 21. Rh1 Qe7
22. Qxe4 Bf6 23. Bd3 Rf7 24. Rh5 Rg8 25. Rdh1 Rgg7 26. g5 Bxg5 27. Bxg5 Bf5 28.
Bxe7 Bxe4 29. Bxe4 1-0

[Event "51st World Juniors"]
[Site "Athens GRE"]
[Date "2012.08.10"]
[Round "8.44"]
[White "Malikentzos, Sotirios"]
[Black "Ashiku, Franc"]
[Result "1-0"]
[WhiteTitle "FM"]
[WhiteElo "2337"]
[BlackElo "2152"]
[WhiteFideId "4215079"]
[BlackFideId "4700066"]
[EventDate "2012.08.02"]

1. Nf3 d5 2. c4 d4 3. e3 c5 4. b4 cxb4 5. Bb2 dxe3 6. fxe3 e6 7. d4 Nf6 8. Bd3
Nbd7 9. O-O Bd6 10. Nbd2 Qe7 11. c5 Bc7 12. Nc4 O-O 13. Qc2 h6 14. a3 b3 15.
Qxb3 e5 16. Nfxe5 Nxe5 17. Nxe5 Bxe5 18. dxe5 Ng4 19. Bc4 Be6 20. Bxe6 Qxe6 21.
Qxe6 fxe6 22. Bd4 h5 23. Rab1 Rxf1+ 24. Kxf1 Rf8+ 25. Ke2 Rf7 26. h3 Nh6 27. Kd3
Rc7 28. Kc4 Nf7 29. Kb5 Nd8 30. a4 Kf7 31. a5 Rc6 32. Rf1+ Ke7 33. g4 a6+ 34.
Kc4 hxg4 35. hxg4 Ke8 36. g5 Rc7 37. g6 Nc6 38. Bc3 Rd7 39. Rh1 Rd8 40. Rh7 Kf8
41. Kb3 Kg8 42. Rh2 Rf8 43. Rd2 Rd8 44. Rd6 Re8 45. Kc4 Kf8 46. Kd3 Ke7 47. Ke4
Rh8 48. Rd1 Rd8 49. Rf1 Rf8 50. Rh1 Rg8 51. Be1 Ke8 52. Bg3 Kd7 53. Rf1 Ne7 54.
Rf7 Ke8 55. Bf4 Rf8 56. Rxg7 Rg8 57. Rxg8+ Nxg8 58. c6 bxc6 59. Bg5 Kf8 60. Bf6
Nh6 61. Kd4 Nf5+ 62. Kc5 Nxe3 63. Kxc6 Nc4 64. Kd7 Nxa5 65. Kxe6 Nc4 66. Kd7 Ne3
67. e6 Nd5 68. Bd4 a5 69. g7+ 1-0

[Event "51st World Juniors"]
[Site "Athens GRE"]
[Date "2012.08.10"]
[Round "8.45"]
[White "Vaicekauskas, Gytis"]
[Black "Grandadam, Nicolas"]
[Result "0-1"]
[BlackTitle "FM"]
[WhiteElo "2079"]
[BlackElo "2333"]
[WhiteFideId "12805459"]
[BlackFideId "681806"]
[EventDate "2012.08.02"]

1. e4 c5 2. Nf3 d6 3. d4 cxd4 4. Nxd4 Nf6 5. Nc3 a6 6. f4 e5 7. Nf3 Nbd7 8. Bd3
Be7 9. O-O O-O 10. Kh1 Qc7 11. Qe2 b5 12. a4 b4 13. Nd5 Nxd5 14. exd5 f5 15.
fxe5 dxe5 16. Nd4 Nc5 17. Nxf5 Nxd3 18. Qxd3 Bxf5 19. Rxf5 Rxf5 20. Qxf5 Rf8 21.
Qe6+ Kh8 22. Be3 Rf6 23. Qg4 Qxc2 24. Qd7 Bf8 25. h3 Qxb2 26. Rc1 h6 27. Qe8 Kh7
28. Rc6 Qa1+ 29. Kh2 Bd6 30. Bc5 Bxc5 31. Rxf6 Bg1+ 32. Kg3 Qe1+ 33. Kg4 Qe2+
34. Rf3 Qxg2+ 35. Rg3 Qe4+ 36. Kh5 Qf5+ 37. Kh4 Bf2 0-1

[Event "51st World Juniors"]
[Site "Athens GRE"]
[Date "2012.08.10"]
[Round "8.46"]
[White "Farid, Firman Syah"]
[Black "Ladva, Ottomar"]
[Result "1/2-1/2"]
[WhiteTitle "CM"]
[WhiteElo "2318"]
[BlackElo "2153"]
[WhiteFideId "7102526"]
[BlackFideId "4500024"]
[EventDate "2012.08.02"]

1. e4 c5 2. Nf3 Nc6 3. d4 cxd4 4. Nxd4 Qb6 5. Nb3 Nf6 6. Nc3 e6 7. Be3 Qc7 8.
Bd3 a6 9. f4 d6 10. O-O Be7 11. Qf3 O-O 12. Rae1 b5 13. Nd4 Nxd4 14. Bxd4 e5 15.
Be3 b4 16. Nd5 Nxd5 17. exd5 Bd7 18. Bd4 Bf6 19. fxe5 Bxe5 20. Bxe5 dxe5 21. Qe4
Qc5+ 22. Kh1 g6 23. Rf6 Bb5 24. h3 Rfd8 25. d6 Kg7 26. Qb7 Rf8 27. Ref1 Bc4 28.
Bxc4 Qxc4 29. b3 Rab8 30. Qe7 Qd5 31. d7 Rbd8 32. Rd6 Qb5 33. Re1 Kg8 34. Kh2 e4
35. Rxe4 Qf5 36. Rdd4 a5 37. Qd6 Qf2 38. Rd2 Qf5 39. Rc4 h5 40. Rc5 Rxd7 41.
Rxf5 Rxd6 42. Rxd6 gxf5 43. Rd5 Rc8 44. Rxf5 a4 45. bxa4 Rxc2 46. Rf4 Rxa2 47.
Rxb4 Ra3 48. g4 hxg4 49. Rxg4+ Kh7 50. Kg2 f5 51. Rb4 Kg6 52. h4 Kf6 53. Rc4 Ke5
54. h5 Kf6 55. Rh4 Kg7 56. Kf2 Kh6 57. Ke2 f4 58. Rxf4 Kxh5 59. Kd2 Kg5 60. Rb4
Kf5 61. Kc2 Ke5 62. Kb2 Rh3 63. Rc4 Kd5 64. Rc8 Rh6 65. Ka3 Rc6 1/2-1/2

[Event "51st World Juniors"]
[Site "Athens GRE"]
[Date "2012.08.10"]
[Round "8.47"]
[White "Naoum, Spyridon"]
[Black "Arvola, Benjamin"]
[Result "0-1"]
[WhiteElo "2146"]
[BlackElo "2300"]
[WhiteFideId "4227506"]
[BlackFideId "1506536"]
[EventDate "2012.08.02"]

1. d4 Nf6 2. c4 g6 3. Nc3 d5 4. Nf3 Bg7 5. Bf4 O-O 6. e3 c6 7. h3 Nbd7 8. Bd3
dxc4 9. Bxc4 b5 10. Bd3 a6 11. e4 c5 12. d5 Bb7 13. O-O Rc8 14. Rc1 Nh5 15. Bg5
f6 16. Be3 Bh8 17. Bb1 Ne5 18. Nd2 Ng7 19. Ne2 Qd6 20. Nc3 e6 21. f4 Nd7 22. a4
exd5 23. exd5 Rfe8 24. Rf3 f5 25. axb5 axb5 26. Ba2 Ba6 27. Qf1 Rb8 28. b4 c4
29. Bd4 Nh5 30. Bxh8 Kxh8 31. g4 Nhf6 32. gxf5 gxf5 33. Rc2 Qxb4 34. Ne2 Qc5+
35. Kh2 Qxd5 36. Ng3 Bb7 37. Rf2 Re3 38. Rb2 Rg8 39. Rxb5 Qxb5 40. Bxc4 Qc5 41.
Nb3 Rxb3 42. Bxb3 Rxg3 43. Kxg3 Ne4+ 44. Kh2 Qxf2+ 45. Qxf2 Nxf2 46. Be6 Nc5 47.
Bxf5 Nfe4 48. Bg4 Nd3 49. f5 Kg7 50. Bf3 Kf6 51. Bg4 Ndf2 0-1

[Event "51st World Juniors"]
[Site "Athens GRE"]
[Date "2012.08.10"]
[Round "8.48"]
[White "Poulopoulos, Ioannis"]
[Black "Torres, Juan Camilo"]
[Result "0-1"]
[WhiteElo "2007"]
[BlackElo "2291"]
[WhiteFideId "4218078"]
[BlackFideId "4405790"]
[EventDate "2012.08.02"]

1. e4 c5 2. Nf3 e6 3. d4 cxd4 4. Nxd4 a6 5. Nc3 b5 6. Bd3 d6 7. Qe2 Nf6 8. f4
Bb7 9. O-O Nbd7 10. Kh1 Nc5 11. f5 e5 12. Nf3 b4 13. Nd5 Nxd5 14. exd5 Bxd5 15.
Nxe5 dxe5 16. Qxe5+ Be7 17. Qxg7 Bf6 18. Qg3 Nxd3 19. Qxd3 Ra7 20. Bh6 Rg8 21.
Rf2 Qa8 22. Re1+ Re7 23. Rxe7+ Bxe7 24. Qd2 f6 25. Qe2 Qc6 26. Bf4 Kd7 27. Be3
h5 28. Kg1 h4 29. b3 Bd6 30. a3 bxa3 31. c4 Bxg2 32. Rxg2 Rxg2+ 33. Qxg2 Qxg2+
34. Kxg2 a2 0-1

[Event "51st World Juniors"]
[Site "Athens GRE"]
[Date "2012.08.10"]
[Round "8.49"]
[White "Zeppos, Panagiotis"]
[Black "Nuri, Kambez"]
[Result "1-0"]
[BlackTitle "FM"]
[WhiteElo "1978"]
[BlackElo "2274"]
[WhiteFideId "4228383"]
[BlackFideId "1311433"]
[EventDate "2012.08.02"]

1. d4 Nf6 2. c4 g6 3. Nc3 Bg7 4. e4 d6 5. Nf3 O-O 6. Be2 Nbd7 7. O-O e5 8. Re1
c6 9. Bf1 exd4 10. Nxd4 Ng4 11. h3 Qb6 12. hxg4 Qxd4 13. g5 Qe5 14. Be3 Qe7 15.
Qd2 Ne5 16. Rad1 Be6 17. b3 Ng4 18. Bf4 Rad8 19. f3 Ne5 20. Be3 f6 21. Be2 Rd7
22. Rf1 Re8 23. Rde1 Nf7 24. gxf6 Qxf6 25. Nd5 Qe5 26. Nf4 d5 27. cxd5 cxd5 28.
Nxe6 Rxe6 29. f4 Qxe4 30. Bg4 Red6 31. Bxa7 1-0

[Event "51st World Juniors"]
[Site "Athens GRE"]
[Date "2012.08.10"]
[Round "8.50"]
[White "Torkkola, Henri"]
[Black "Brown, Andrew"]
[Result "0-1"]
[BlackTitle "IM"]
[WhiteElo "2123"]
[BlackElo "2296"]
[WhiteFideId "507660"]
[BlackFideId "3206513"]
[EventDate "2012.08.02"]

1. d4 Nf6 2. c4 g6 3. Nc3 Bg7 4. g3 O-O 5. Bg2 d6 6. Nf3 Nbd7 7. O-O e5 8. e4 c6
9. h3 Qb6 10. Re1 exd4 11. Nxd4 Ng4 12. Nce2 Nge5 13. b3 Nc5 14. Be3 Re8 15. Rf1
Ned7 16. Nc3 a5 17. Rb1 Nf6 18. Nxc6 bxc6 19. Qxd6 Nb7 20. Bxb6 Nxd6 21. e5 Rxe5
22. Rbd1 Nfe4 23. Nxe4 Nxe4 24. Rd8+ Bf8 25. Rfd1 f5 26. R1d7 Bxd7 27. Rxa8 Be8
28. Bxa5 Bc5 29. Bxe4 fxe4 30. b4 Bd4 31. Bc7 Re6 32. a4 Kf7 33. a5 e3 34. fxe3
Rxe3 35. Bb6 c5 36. Kf1 Bc6 37. Rc8 Be4 38. Bxc5 Bd3+ 39. Kg2 Re2+ 40. Kf1 Rh2+
41. Ke1 Bc3+ 0-1

[Event "51st World Juniors"]
[Site "Athens GRE"]
[Date "2012.08.10"]
[Round "8.51"]
[White "Vasques, Antonio Pedro Freixial"]
[Black "Hatzoudis, Gerasimos"]
[Result "1-0"]
[WhiteElo "2214"]
[BlackElo "1843"]
[WhiteFideId "1908332"]
[BlackFideId "4221370"]
[EventDate "2012.08.02"]

1. e4 c5 2. Nf3 d6 3. d4 cxd4 4. Nxd4 Nf6 5. Nc3 a6 6. Bg5 Nbd7 7. f4 Qa5 8. Qf3
h6 9. Bxf6 Nxf6 10. f5 g5 11. fxg6 fxg6 12. Qg3 Qg5 13. Qxg5 hxg5 14. Bc4 e5 15.
Ne6 Bxe6 16. Bxe6 Ke7 17. Bd5 Rb8 18. O-O Rh7 19. a4 Bh6 20. g4 Nxg4 21. Rf3
Nxh2 22. Kxh2 g4 23. Rg3 Bf4+ 24. Kg2 Rbh8 25. Rxg4 Rh2+ 26. Kf1 Rxc2 27. Bxb7
Rxb2 28. Bxa6 Rhh2 29. Nd5+ Kf7 30. Nxf4 Rhf2+ 31. Kg1 exf4 32. Rf1 Rxf1+ 33.
Kxf1 Kf6 34. Rxf4+ Ke5 35. Rg4 Rb4 36. Bb5 d5 37. Rg5+ Kd4 38. Rxd5+ Kxe4 39.
Rg5 Rb1+ 40. Ke2 Ra1 41. Rxg6 Kd4 42. Rc6 Ra2+ 43. Kd1 1-0

[Event "51st World Juniors"]
[Site "Athens GRE"]
[Date "2012.08.10"]
[Round "8.52"]
[White "Kvaratskhelia, Dimitri"]
[Black "Michelakos, Panagiotis"]
[Result "1-0"]
[WhiteElo "2093"]
[BlackElo "2185"]
[WhiteFideId "13604295"]
[BlackFideId "4216067"]
[EventDate "2012.08.02"]

1. d4 Nf6 2. c4 g6 3. Nc3 Bg7 4. e4 d6 5. g3 O-O 6. Bg2 Nc6 7. Nge2 e5 8. d5 Nd4
9. O-O Re8 10. h3 Nxe2+ 11. Qxe2 Bd7 12. Be3 Qc8 13. Kh2 Nh5 14. c5 f5 15. exf5
Bxf5 16. Qd2 Nf6 17. cxd6 cxd6 18. Rac1 Qc4 19. Rfd1 a6 20. Bg5 Qb4 21. Bxf6
Bxf6 22. g4 Bc8 23. Ne4 Qxd2 24. Rxd2 Be7 25. Rc7 Rb8 26. Rdc2 Kf8 27. R2c3 Rd8
28. Rf3+ Ke8 29. Nf6+ Bxf6 30. Rxf6 Rd7 31. Rc3 Rf7 32. Rxf7 Kxf7 33. Rc7+ Kf6
34. Rxh7 b6 35. Rh8 Ra8 36. h4 Bb7 37. Rh7 Bc8 38. g5+ Kf5 39. Kg3 e4 40. Rf7+
Ke5 41. Re7+ Kd4 42. Rxe4+ Kd3 43. Re8 Kc2 44. Be4+ Kxb2 45. Bxg6 Kxa2 46. Be4 1-0

[Event "51st World Juniors"]
[Site "Athens GRE"]
[Date "2012.08.10"]
[Round "8.53"]
[White "Carbone, Diego"]
[Black "Edwards, Jonathan"]
[Result "1-0"]
[WhiteElo "2069"]
[BlackElo "2170"]
[WhiteFideId "3002179"]
[BlackFideId "2402912"]
[EventDate "2012.08.02"]

1. d4 Nf6 2. c4 g6 3. g3 Bg7 4. Bg2 d6 5. Nc3 O-O 6. Nf3 Nbd7 7. O-O e5 8. e4 c6
9. h3 Re8 10. Re1 exd4 11. Nxd4 Nc5 12. Qc2 Nfxe4 13. Nxe4 Bxd4 14. Bg5 f6 15.
Nxf6+ Bxf6 16. Rxe8+ Qxe8 17. Bxf6 Bf5 18. Qc3 Qf7 19. Rd1 Rf8 20. Rxd6 Be4 21.
f3 Bb1 22. Qe3 b6 23. Rxc6 Bxa2 24. b4 Re8 25. Qd2 Ne6 26. Ba1 Bb3 27. Qc3 Ng7
28. f4 Bxc4 29. Rxc4 1-0

[Event "51st World Juniors"]
[Site "Athens GRE"]
[Date "2012.08.10"]
[Round "8.54"]
[White "Haria, Ravi"]
[Black "Papasimakopoulos, Alexandros"]
[Result "0-1"]
[WhiteElo "2054"]
[BlackElo "2126"]
[WhiteFideId "415820"]
[BlackFideId "4244125"]
[EventDate "2012.08.02"]

1. e4 e6 2. d4 d5 3. Nd2 Nf6 4. e5 Nfd7 5. Bd3 c5 6. c3 Nc6 7. Ngf3 a5 8. O-O
Be7 9. Re1 g5 10. dxc5 a4 11. Nf1 Nxc5 12. Bb5 Bd7 13. Qe2 h5 14. Be3 Ne4 15. c4
g4 16. N3d2 Nxd2 17. Nxd2 Nb4 18. cxd5 Nxd5 19. Ne4 Bxb5 20. Qxb5+ Qd7 21. Qe2
Nxe3 22. Qxe3 Qd5 23. Rad1 Qxe5 24. Qb6 O-O 25. Qxb7 Bf6 26. Ng3 Qxb2 27. Qe4
Ra5 28. Re2 Re5 29. Rxb2 Rxe4 30. Rb5 Re5 31. Rb4 a3 32. Kf1 Rc8 33. Rb3 h4 34.
Ne2 Rc2 35. Nc1 Rf5 36. f3 h3 37. gxh3 Rxf3+ 0-1

[Event "51st World Juniors"]
[Site "Athens GRE"]
[Date "2012.08.10"]
[Round "8.55"]
[White "Zwakala, Ntando"]
[Black "Arat, Ufuk Sezen"]
[Result "0-1"]
[WhiteElo "2054"]
[BlackElo "2124"]
[WhiteFideId "14308967"]
[BlackFideId "6309089"]
[EventDate "2012.08.02"]

1. e4 d6 2. d4 g6 3. Nf3 Bg7 4. Nc3 Nf6 5. Be2 O-O 6. h3 Nc6 7. d5 Nb8 8. O-O c5
9. Bg5 b5 10. Bxb5 Qb6 11. Bc4 Qxb2 12. Nb5 Qb4 13. Qd3 a6 14. Rab1 Qa5 15. Bd2
Qd8 16. Qa3 Nxe4 17. Be1 Nd7 18. Bd3 Nef6 19. c4 Nb6 20. Nc3 e5 21. Bd2 e4 22.
Nxe4 Nxe4 23. Bxe4 Nxc4 24. Qd3 Nxd2 25. Nxd2 Re8 26. Nc4 Ra7 27. Rb6 Rae7 28.
Rxd6 Qc7 29. Bf3 Re1 30. Rc6 Bf5 31. Qd2 Rxf1+ 32. Kxf1 Qh2 33. Ne3 Bd4 34. Rxa6
Qh1+ 35. Ke2 Rb8 36. Ra4 Qb1 37. Nxf5 gxf5 38. Rxd4 cxd4 39. Qg5+ Kf8 40. Qh6+
Ke7 41. Qg5+ Kd7 42. Bh5 Qe4+ 0-1

[Event "51st World Juniors"]
[Site "Athens GRE"]
[Date "2012.08.10"]
[Round "8.56"]
[White "Stepanyan, Henrik"]
[Black "Gantar, Jan"]
[Result "1/2-1/2"]
[WhiteElo "2022"]
[BlackElo "2218"]
[WhiteFideId "401030"]
[BlackFideId "14607875"]
[EventDate "2012.08.02"]

1. c4 Nf6 2. Nc3 c5 3. Nf3 e6 4. e3 b6 5. d4 d6 6. Bd3 Be7 7. O-O O-O 8. e4 cxd4
9. Nxd4 a6 10. Qf3 Bb7 11. Qg3 Nbd7 12. Bh6 Ne8 13. f4 Bh4 14. Qg4 Qf6 15. Nf3
Qxh6 16. Nxh4 Nc5 17. Bc2 Nf6 18. Qh3 Nfxe4 19. f5 exf5 20. Rxf5 Nxc3 21. bxc3
Rae8 22. Rf2 Ne4 23. Bxe4 Rxe4 24. Nf5 Qxh3 25. gxh3 Bc8 26. Nxd6 Re3 27. Nxc8
Rxc8 28. Rb1 Re6 29. Rfb2 Rcc6 30. c5 Rxc5 31. Rxb6 g6 32. Rxe6 fxe6 33. Rb6 Ra5
34. Rxe6 Rxa2 35. Re7 a5 36. c4 a4 37. Ra7 a3 38. c5 Rc2 39. Rxa3 Rxc5 40. Kg2
Rc7 41. Kg3 Kg7 42. Rb3 h6 43. Rf3 Rc4 44. h4 Re4 45. Ra3 Re5 46. Rf3 Rf5 47.
Ra3 h5 48. Rb3 Kh6 49. Ra3 Rf1 50. h3 Rc1 51. Rb3 Kg7 52. Ra3 Kf6 53. Rb3 Kf5
54. Rb5+ 1/2-1/2

[Event "51st World Juniors"]
[Site "Athens GRE"]
[Date "2012.08.10"]
[Round "8.57"]
[White "Du Plessis, Heinco"]
[Black "Koutoukidis, Panagiotis"]
[Result "0-1"]
[WhiteElo "2075"]
[BlackElo "2167"]
[WhiteFideId "14306263"]
[BlackFideId "4244702"]
[EventDate "2012.08.02"]

1. e4 c5 2. b3 Nf6 3. e5 Nd5 4. Bb2 g6 5. Bc4 Nb6 6. e6 f6 7. exd7+ Bxd7 8. Qe2
Bg7 9. Nc3 Nc6 10. Ne4 Nxc4 11. Qxc4 b6 12. O-O-O Qc7 13. Nf3 O-O-O 14. Neg5
Rde8 15. Ne6 Bxe6 16. Qxe6+ Qd7 17. Qxd7+ Kxd7 18. d4 cxd4 19. Nxd4 Nxd4 20.
Rxd4+ Kc7 21. Rhd1 Rd8 22. Rxd8 Rxd8 23. Rxd8 Kxd8 24. Kd2 Kd7 25. f4 Bh6 26. g3
e5 27. Ke3 Ke6 28. Kf3 exf4 29. Bc1 g5 30. gxf4 Kf5 31. fxg5 fxg5 32. Kg3 Bf8
33. c4 h5 34. a3 Bd6+ 35. Kg2 g4 36. b4 Ke4 37. h3 Kd4 38. hxg4 hxg4 39. c5 bxc5
40. bxc5 Bc7 41. Kf2 a6 42. Be3+ Kc4 43. Ke2 Kb3 44. Bc1 Kc2 45. Bd2 Kb2 46. Bb4
Kb3 47. Kf2 Ka4 48. Kg2 Kb5 49. Kf2 a5 50. Bd2 a4 51. Bb4 Bb8 52. Kg2 Kc4 53.
Kf2 Ba7 54. Kg3 Bxc5 55. Bd2 Bxa3 56. Bg5 Bb4 57. Bc1 Kb3 0-1

[Event "51st World Juniors"]
[Site "Athens GRE"]
[Date "2012.08.10"]
[Round "8.58"]
[White "Zulfic, Fedja"]
[Black "Kalogridakis, Georgios"]
[Result "1-0"]
[WhiteElo "2135"]
[BlackElo "2017"]
[WhiteFideId "3208427"]
[BlackFideId "4249666"]
[EventDate "2012.08.02"]

1. e4 c5 2. Nf3 e6 3. d4 cxd4 4. Nxd4 Nf6 5. Nc3 d6 6. g4 h6 7. Bg2 Nc6 8. h3 a6
9. Be3 Bd7 10. Qe2 Qc7 11. O-O-O b5 12. Nb3 Rc8 13. f4 Be7 14. Rhe1 Ng8 15. Bf2
Bf6 16. e5 dxe5 17. Ne4 Be7 18. Nec5 Nd4 19. Bxd4 exd4 20. Nxd7 Qxd7 21. Nxd4
Qd6 22. f5 Bf6 23. Nxe6 Bxb2+ 24. Kb1 Qe7 25. Bc6+ Rxc6 26. Rd8+ Qxd8 27. Nxd8+
Kxd8 28. Qe8+ Kc7 29. Kxb2 Rd6 30. Re3 1-0

[Event "51st World Juniors"]
[Site "Athens GRE"]
[Date "2012.08.10"]
[Round "8.59"]
[White "Jones, William E G"]
[Black "Wu, Kevin"]
[Result "1/2-1/2"]
[WhiteElo "2127"]
[BlackElo "1905"]
[WhiteFideId "470554"]
[BlackFideId "2609720"]
[EventDate "2012.08.02"]

1. e4 c5 2. Nf3 e6 3. d4 cxd4 4. Nxd4 Nf6 5. Nc3 Qb6 6. Nb3 Bb4 7. Bd3 Bxc3+ 8.
bxc3 d6 9. O-O O-O 10. Kh1 Nbd7 11. Bg5 Qc7 12. Qe1 b6 13. Nd4 Bb7 14. f4 h6 15.
Bh4 Rfc8 16. c4 Qc5 17. Nb5 Qc6 18. Nd4 Qc5 19. Nb5 Qc6 20. Nd4 Qc5 21. Nb5 Qc6
22. Nd4 1/2-1/2